000
00228nam a22000977a 4500
999
_c
16227
_d
16227
003
OSt
008
200624b ||||| |||| 00| 0 eng d
100
_a
K A Nilakanth Sastri
_9
4631
245
_a
History of India: Part 2
942
_c
BK